000 00258nam a22001217a 4500
008 170516b xxu||||| |||| 00| 0 eng d
041 _aeng
080 _24TH
_a94
100 _a16
101 _aSHH
245 _aTHE PRESIDENT
_cCORWIN,E.S
942 _2udc
_cBK
999 _c13450
_d13450